000
00306nam a22001337a 4500
020
_a
978-0-7166-2271-0
082
_a
001
_b
CAR/4
100
_a
CARRIGAN, MELLONEE
245
_a
HOW THINGS WORK
260
_a
USA
_b
WORLD BOOK INC
_c
2013
300
_a
192
650
_a
ENCYCLOPEDIA SCIENCE
_z
INDIA
942
_c
BK
999
_c
1810
_d
1810